<?xml version="1.0" encoding="UTF-8"?>
<record
    xmlns:xsi="http://www.w3.org/2001/XMLSchema-instance"
    xsi:schemaLocation="http://www.loc.gov/MARC21/slim http://www.loc.gov/standards/marcxml/schema/MARC21slim.xsd"
    xmlns="http://www.loc.gov/MARC21/slim">

  <leader>00611cam a2200193 a 4500</leader>
  <datafield tag="020" ind1=" " ind2=" ">
    <subfield code="a">9679421198 (pbk.)</subfield>
  </datafield>
  <datafield tag="020" ind1=" " ind2=" ">
    <subfield code="a">9679421244 (hard)</subfield>
  </datafield>
  <datafield tag="040" ind1=" " ind2=" ">
    <subfield code="c">DLC</subfield>
  </datafield>
  <datafield tag="082" ind1=" " ind2=" ">
    <subfield code="a">305 UNI 1988 A015 Or.</subfield>
  </datafield>
  <datafield tag="100" ind1="0" ind2=" ">
    <subfield code="a">Hashim Haji Wan Teh,</subfield>
  </datafield>
  <datafield tag="245" ind1="1" ind2="0">
    <subfield code="a">Peasants under peripheral capitalism /</subfield>
  </datafield>
  <datafield tag="260" ind1=" " ind2=" ">
    <subfield code="a">Bangi :</subfield>
    <subfield code="b">Universiti Kebangsaan Malaysia,</subfield>
    <subfield code="c">1988.</subfield>
  </datafield>
  <datafield tag="300" ind1=" " ind2=" ">
    <subfield code="a">205 p. :</subfield>
    <subfield code="b">ill., maps ;</subfield>
    <subfield code="c">22 cm.</subfield>
  </datafield>
  <datafield tag="500" ind1=" " ind2=" ">
    <subfield code="a">"Issued under the auspices of the Institute of Southeast Asian Studies in Singapore."</subfield>
  </datafield>
  <datafield tag="650" ind1=" " ind2="0">
    <subfield code="a">Peasants</subfield>
  </datafield>
  <datafield tag="650" ind1=" " ind2="0">
    <subfield code="a">Capitalism</subfield>
  </datafield>
  <datafield tag="710" ind1="2" ind2=" ">
    <subfield code="a">Institute of Southeast Asian Studies.</subfield>
  </datafield>
  <datafield tag="942" ind1=" " ind2=" ">
    <subfield code="c">EK</subfield>
  </datafield>
  <datafield tag="999" ind1=" " ind2=" ">
    <subfield code="c">11481</subfield>
    <subfield code="d">11481</subfield>
  </datafield>
  <datafield tag="952" ind1=" " ind2=" ">
    <subfield code="0">0</subfield>
    <subfield code="1">0</subfield>
    <subfield code="4">0</subfield>
    <subfield code="6">305_000000000000000_UNI_1988_A015_OR</subfield>
    <subfield code="7">0</subfield>
    <subfield code="9">59405</subfield>
    <subfield code="a">LBA</subfield>
    <subfield code="b">LBA</subfield>
    <subfield code="c">A015</subfield>
    <subfield code="d">2017-08-02</subfield>
    <subfield code="o">305 UNI 1988 A015 Or.</subfield>
    <subfield code="p">a09445</subfield>
    <subfield code="r">2017-08-02</subfield>
    <subfield code="w">2017-08-02</subfield>
    <subfield code="y">EK</subfield>
  </datafield>
  <datafield tag="952" ind1=" " ind2=" ">
    <subfield code="0">0</subfield>
    <subfield code="1">0</subfield>
    <subfield code="4">0</subfield>
    <subfield code="6">305_000000000000000_UNI_1988_A017_OR</subfield>
    <subfield code="7">0</subfield>
    <subfield code="9">59742</subfield>
    <subfield code="a">LBA</subfield>
    <subfield code="b">LBA</subfield>
    <subfield code="c">A017</subfield>
    <subfield code="d">2017-08-04</subfield>
    <subfield code="o">305 UNI 1988 A017 Or.</subfield>
    <subfield code="p">A09930</subfield>
    <subfield code="r">2017-08-04</subfield>
    <subfield code="w">2017-08-04</subfield>
    <subfield code="y">EK</subfield>
  </datafield>
  <datafield tag="952" ind1=" " ind2=" ">
    <subfield code="0">0</subfield>
    <subfield code="1">0</subfield>
    <subfield code="4">0</subfield>
    <subfield code="6">305_000000000000000_UNI_1988_A017_OR</subfield>
    <subfield code="7">0</subfield>
    <subfield code="9">59745</subfield>
    <subfield code="a">LBA</subfield>
    <subfield code="b">LBA</subfield>
    <subfield code="c">A017</subfield>
    <subfield code="d">2017-08-04</subfield>
    <subfield code="o">305 UNI 1988 A017 Or.</subfield>
    <subfield code="p">A13122</subfield>
    <subfield code="r">2017-08-04</subfield>
    <subfield code="w">2017-08-04</subfield>
    <subfield code="y">EK</subfield>
  </datafield>
</record>
